Country Shape#6 Hard difficulty - Statistics

General Stats
  • This quiz has been taken 36 times
  • The average score is 10 of 16
Answer Stats
Picture Answer % Correct
Jordan
91%
Taiwan
88%
Latvia
76%
Montenegro
76%
Nauru
76%
Albania
73%
Guinea
70%
Malta
70%
Singapore
64%
Burundi
55%
Liberia
55%
Tuvalu
55%
Uganda
55%
Bhutan
48%
Lesotho
48%
Uruguay
36%
No matching quizzes found
Score Distribution
Percent of People with Each Score
Percentile by Number Answered
Your Score History
You have not taken this quiz